000 00716nam a22002537a 4500
003 CHAP
005 20220329134648.0
008 971013s r 00010 d
010 _a23831
011 _a24803
035 _a28903
040 _cCHAP
090 _aR-2112
100 0 0 _aHaan, F. A. M. De.
_952074
245 _aSoil mixing intensity measurements
500 _aSobretiro de : Netherlands Journal of Agricultural Science 19:85-93, 1971
590 _aBATCH-UPD
_b10
_c20130110
_lUCH01
_h1824
590 _aCONVERSION
_b10
_c20130109
_lUCH01
_h1314
650 1 4 _aLabranza.
_964303
700 0 _aBeuving, J.
_912108
901 _aBK
942 _cREIMP
949 _aR-2112
_bBC
_cR
_d-66825
_eTS1
_i28903
_si
999 _c23831
_d23831